Hodnotový management

Vymedzenie pojmu a základné princípy value based management - VBM. Implementácia VDM. Stanovenie ekonomickej hodnoty vo firme. Praktické príklady.

Salvato in:
Dettagli Bibliografici
Autore principale: Slovák, Tomáš
Natura: Capitolo di libro
Lingua:ceco
Soggetti:
Tags: Aggiungi Tag
Nessun Tag, puoi essere il primo ad aggiungerne!!

MARC

LEADER 00000naa a2200000 4500
001 r038548
005 20231002100625.1
041 0 |a cze 
044 |a CZ 
245 1 0 |a Hodnotový management  |c Tomáš Slovák 
520 |a Vymedzenie pojmu a základné princípy value based management - VBM. Implementácia VDM. Stanovenie ekonomickej hodnoty vo firme. Praktické príklady. 
610 2 0 |a riadenie podnikové 
610 2 0 |a hodnota pridaná 
610 2 0 |a efektívnosť ekonomická 
610 2 0 |a výkony podnikové 
610 2 0 |a manažéri 
610 2 0 |a Value based management 
100 1 |a Slovák, Tomáš